000 00339nam a22001217a 4500
008 160507b xxu||||| |||| 00| 0 eng d
020 _a9780716722854
020 _a0716722852
041 _aeng
080 _a573
245 _aAn introduction to genetic analysis:
_cAnthony J.F. Griffiths; Jeffey H. Miller;David T. Suzuki;
942 _2udc
_cBK
999 _c1897
_d1897